000 00493nam a2200145Ia 4500
008 220214s9999 xx 000 0 und d
022 _a0035-9572
245 0 _aRUBBER WORLD
260 _bLippincott & Peto Publication, Akron, Ohio
_aUSA
310 _aM
500 _aEnding Volume & Year: 222, 2000
500 _aMissing Volume: 154;158(4);174;183(2);192(5);195;196(1);206(5);207(3-6);208(1-2);210;213(4-6);216(6);217(1-3);219(2)
500 _aStarting Volume & Year: 150, 1964
942 _cBJ
999 _c4969
_d4969